000
00315 a2200109 4500
001
ART_40490
005
20260410161842.0
008
260409a
245
1
0
_a
Marco procesal del principio precautorio
100
1
_a
Savignano, Luciano C.
773
0
_t
RAP
_g
- Año 38, Nº 456 (sep. 2016)
_w
REV5941
999
_c
24183
_d
24183